Countries that have competed in Eurovision with Exceptions - Statistics

General Stats
  • This quiz has been taken 75 times
  • The average score is 4 of 5
Answer Stats
Answer % Correct
Australia
96%
Israel
90%
Armenia
83%
Morocco
80%
Cyprus
74%
No matching quizzes found
Score Distribution
Percent of People with Each Score
Percentile by Number Answered
Your Score History
You have not taken this quiz